Statistics for All Hollow Knight Double Damage Enemies

Click here to take the quiz!

General Stats

  • This quiz has been taken 32 times
  • The average score is 9 of 27

Answer Stats

LocationAnswer% Correct
Dream(Crossroads)Radiance
76%
Dream(Dirtmouth)Nightmare King
67%
GodhomePure Vessel
67%
Queen's GardenTraitor Lord
62%
Dream(Crossroads)Failed Champion
52%
Crystal PeakEnraged Guardian
52%
GodhomeAbsolute Radiance
48%
Dream(Dirtmouth)Grey Prince Zote
43%
White PalaceKingsmould
43%
Dream(Royal Waterways)White Defender
38%
Fog canyonOoma
38%
DeepnestStalking Devout
33%
City of TearsGreat Husk Sentry
33%
HiveHive Guardian
29%
Ancient BasinSibling
24%
Resting GroundsEntombed Husk
24%
Royal WaterwaysFlukemunga
19%
Royal Waterways/City of Tears/Resting GroundsBelfly
19%
CrossroadsHusk Guard
19%
Fungal wastesSporg
14%
Dream(Dirtmouth)Volatile Zoteling
10%
Dream(Dirtmouth)Winged Zoteling
10%
CrossroadsViolent Husk
10%
CrossroadsFurious Vengefly
10%
Dream(Dirtmouth)Hopping Zoteling
5%
Hive/Fungal Wastes/Ancient BasinGrimmkin Nightmare
5%
CrossroadsVolatile Gruzzer
5%

Score Distribution

Percentile by Number Answered

Percent of People with Each Score

Your Score History

You have not taken this quiz